The University of Chicago Spanish dictionary, Spanish-English, English-Spanish (Record no. 10586)

MARC details
000 -CABECERA
campo de control de longitud fija 01082nam a2200277 a 4500
001 - NÚMERO DE CONTROL
campo de control BRL_1778
005 - FECHA Y HORA DE LA ÚLTIMA TRANSACCIÓN
campo de control 20190320211350.0
008 - DATOS DE LONGITUD FIJA--INFORMACIÓN GENERAL
campo de control de longitud fija 300715s1975----nyu#######---#000-0#eng-#
020 ## - NÚMERO INTERNACIONAL ESTÁNDAR DEL LIBRO
Número Internacional Estándar del Libro 0671412965
041 ## - CÓDIGO DE LENGUA
Código de lengua del texto/banda sonora o título independiente eng
Código de lengua original spa
044 ## - CÓDIGO DEL PAÍS DE LA ENTIDAD EDITORA/PRODUCTORA
Código MARC del país nyu
050 #4 - SIGNATURA TOPOGRÁFICA DE LA BIBLIOTECA DEL CONGRESO
Número de clasificación PC4640
Número de documento/Ítem .U55 1975
245 10 - MENCIÓN DE TÍTULO
Título The University of Chicago Spanish dictionary, Spanish-English, English-Spanish
Resto del título a new concise Spanish-English and English-Spanish dictionary of words and phrases basic to the written and spoken languages of today
Mención de responsabilidad, etc. compiled by Carlos Castillo & Otto F. Bond, with the assistance of Barbara M. Garcia.
260 ## - PUBLICACIÓN, DISTRIBUCIÓN, ETC.
Lugar de publicación, distribución, etc. New York
Nombre del editor, distribuidor, etc. Pocket Books
Fecha de publicación, distribución, etc. 1975
300 ## - DESCRIPCIÓN FÍSICA
Extensión xlvi, 202, xiii, 233 p.
Dimensiones 18 cm.
500 ## - NOTA GENERAL
Nota general Au1975
500 ## - NOTA GENERAL
Nota general Texto en español e inglés
650 14 - PUNTO DE ACCESO ADICIONAL DE MATERIA--TÉRMINO DE MATERIA
Término de materia o nombre geográfico como elemento de entrada Español
Subdivisión de forma Diccionarios
Subdivisión general Inglés
9 (RLIN) 5934
650 14 - PUNTO DE ACCESO ADICIONAL DE MATERIA--TÉRMINO DE MATERIA
Término de materia o nombre geográfico como elemento de entrada Inglés
Subdivisión de forma Diccionarios
Subdivisión general Español
9 (RLIN) 5933
700 1# - PUNTO DE ACCESO ADICIONAL--NOMBRE DE PERSONA
Nombre de persona Castillo, Carlos
Fechas asociadas al nombre 1889-1967
9 (RLIN) 27853
700 1# - PUNTO DE ACCESO ADICIONAL--NOMBRE DE PERSONA
Nombre de persona Bond, Otto Ferdinand
Fechas asociadas al nombre 1885-
9 (RLIN) 27854
700 1# - PUNTO DE ACCESO ADICIONAL--NOMBRE DE PERSONA
Nombre de persona Garciìa, Barbara M.
9 (RLIN) 27855
710 2# - PUNTO DE ACCESO ADICIONAL--NOMBRE DE ENTIDAD CORPORATIVA
Nombre de entidad corporativa o nombre de jurisdicción como elemento de entrada University of Chicago
9 (RLIN) 27856
902 ## - CATALOGADOR
Iniciales GRL
942 ## - ELEMENTOS DE PUNTO DE ACCESO ADICIONAL (KOHA)
Fuente del sistema de clasificación o colocación Library of Congress Classification
Tipo de ítem Koha Libros
Holdings
Estado de retiro Estado de pérdida Estado dañado No para préstamo Localización permanente Ubicación/localización actual Fecha de adquisición Número de inventario Total de préstamos Signatura topográfica completa Código de barras Fecha visto por última vez Precio válido a partir de Tipo de ítem Koha
El ejemplar forma parte de la colección y puede ser consultado según las políticas vigentes.       Biblioteca Centro de Estudios Ruth D. Lechuga Biblioteca Centro de Estudios Ruth D. Lechuga 30/07/2015 Au1975   PC4640 .U55 1975 (Au1975) GRL01947 22/03/2019 22/03/2019 Libros